000 00524nam a22001817a 4500
999 _c171669
_d171669
005 20200203110551.0
010 _a386753
035 _a386753
037 _bBPPD/Pub.
_a-
082 _a901.954
100 _aبا ن گشا‏ ؤ لی
245 _aتمد ن ہند /
_cبا ن گشا‏ ؤ لی
246 _bTamadun-e-Hind(Urdu) /
_aby Baan Gushawli
260 _a-
_bMaktaba Jamia Ltd.
_c- ء
270 _a-
_b-
_e-
_k-
_l-
300 _a524 ص
_c22cm(Hb)
942 _2ddc
_cUR
_h901.954
_mب ا ن